| 000 | 00484cam a2200193 4500 | ||
|---|---|---|---|
| 001 | B69 | ||
| 008 | 090401t1986 xxu||||| |||| 00| 0 eng d | ||
| 035 | _a(Sirsi) u32770 | ||
| 041 | _aeng | ||
| 050 | _a526.92 | ||
| 110 |
_aOrdnance Survey _91860 |
||
| 245 | 3 | _aAn illustrated guide to boundary making | |
| 260 |
_aSouthampton _bOrdnance Survey _c1986 |
||
| 300 | _a40p. : ill. ; 30cm. | ||
| 350 | _a5.5 | ||
| 650 |
_aBoundary disputes _96221 |
||
| 942 | _n0 | ||
| 948 | _c04/03/1997 | ||
| 999 |
_c89755 _d89755 |
||